000 00304nam a2200109Ia 4500
008 220204s9999 xx 000 0 und d
082 _aNR:62(038)
_bCRA
100 _aCraig, Alexander S
245 0 _aConcise encyclopedic dictionary of rubber technology
260 _aNew York
_bElsevier
_c1969
942 _cBK
999 _c24047
_d24047